000 00460nam a2200157 4500
001 109152
003 ES-MaACL
005 20230906184803.0
007 t|
008 061121s1965 sp r ||||1| spa d
100 1 _aOliver Román, Miguel.
_986844
245 1 3 _aLa familia en el comunismo /
_cMiguel Oliver Román.
260 _aMadrid :
_bEuramérica,
_c[1965 (
_fArtes Gráf. Ibarra])
300 _a136 p. ;
_c18 cm.
852 _aES-MaACL
_jC-28548
_bR.58025
999 _c109152
_d109152